[Event "UKR-ch"]
[Site "Simferopol"]
[Date "2003.11.04"]
[Round "1"]
[White "Rogovski, Vladimir"]
[Black "Zhornik, Nikolay"]
[Result "1-0"]
[WhiteElo "2474"]
[BlackElo "2302"]
[PlyCount "83"]
[EventDate "2003.11.04"]
[EventType "swiss"]
[EventRounds "9"]
[EventCountry "UKR"]
[SourceTitle "CBM 097 Extra"]
[Source "ChessBase"]
[SourceDate "2004.01.13"]
[SourceVersion "1"]
[SourceVersionDate "2004.01.13"]
[SourceQuality "1"]

1. e4 c5 2. Nc3 e6 3. Nge2 d5 4. exd5 exd5 5. d4 Nf6 6. Bg5 Be7 7. dxc5 0-0 8. Qd2 Be6 9. 0-0-0 Nc6 10. Nf4 d4 11. Nxe6 fxe6 12. Qe1 e5 13. Bxf6 Bxf6 14. Bc4+ Kh8 15. Ne4 Be7 16. Rd3 b6 17. Rh3 bxc5 18. Nxc5 Bxc5 19. Qe4 Qg5+ 20. Kb1 Qf5 21. Qxc6 Rac8 22. Qa6 Bb6 23. f3 g6 24. Bd3 Qf6 25. Qb7 Rc7 26. Qe4 Kg7 27. Rg3 Qf4 28. Qe1 Rfc8 29. Rg4 Qf6 30. h4 Kh8 31. Qe4 Qc6 32. h5 Qxe4 33. Bxe4 gxh5 34. Rxh5 Rf7 35. Rgh4 Rcc7 36. Rxe5 Rce7 37. Rxe7 Rxe7 38. b4 Bc7 39. Kb2 Bg3 40. Rh5 Bd6 41. Kb3 Be5 42. Bxh7 1-0